| 000 | 00801nam a22002297a 4500 | ||
|---|---|---|---|
| 005 | 20180511153313.0 | ||
| 010 | _a1718EN-30ENG-122216 B-682129-139 | ||
| 020 |
_a9788131533437 _c699.00 |
||
| 035 | _aB-682129-139 | ||
| 037 |
_bPragati _adpl |
||
| 037 | _bDBAD/PUB | ||
| 082 | _a541 | ||
| 100 | _aBall, David W. | ||
| 245 |
_aPhysical chemistry : _cby David W. Ball |
||
| 250 | _a2nd ed | ||
| 260 |
_aDelhi _bCengage Learning _c2015 |
||
| 270 |
_a418, F.I.E. Patparganj, _bDelhi _e110092 |
||
| 300 |
_axvii,853p.: _c23cm(pbk) _bill. |
||
| 500 | _aIncludes index. | ||
| 942 |
_2ddc _cEN _mBAL _h541 |
||
| 999 |
_c145087 _d145087 |
||